Hermanos menores Capuchinos

Uloženo v:
Podrobná bibliografie
Médium: Kniha
Jazyk:španělština
Vydáno: Santiago Provincia de Chile 1970
Témata:
Tagy: Přidat tag
Žádné tagy, Buďte první, kdo vytvoří štítek k tomuto záznamu!

MARC

LEADER 00000nam a2200000 a 4500
001 UCI6793
003 CL-VaPUC
008 080530e19700000CL |||||||||||||||||spa|d
082 0 4 |a 271.36  |b HER  |2 21 
245 1 0 |a Hermanos menores Capuchinos 
300 |a 20 p 
942 |c BK 
945 |d 20080530 00:00:00  |a rbrito 
260 |a Santiago  |b Provincia de Chile  |c 1970 
500 |a Donación Padres Capuchinos 
650 7 |a ORDEN RELIGIOSAS  |2 CL-VaPUC  |9 529788 
650 7 |a CAPUCHINOS  |2 CL-VaPUC  |9 404279 
583 |a last modification  |c 20080530 00:00:00  |k Rodrigo Vera 
999 |c 330242  |d 330240 
952 |0 0  |1 0  |4 0  |6 271_360000000000000_HER_1970  |7 0  |8 X  |9 415715  |a FDOBUD  |b FDOBUD  |d 2019-11-22  |i 4442563  |o 271.36 HER 1970  |p 4442563  |r 2019-11-22  |w 2019-11-22  |y BK_X  |k BUD